000 00538nam a2200181 i 4500
001 65397
003 ES-MaACL
005 20230906165348.0
007 t|
008 040112s1972 sp ||||1| cat d
100 1 _aFranch y Batlle, Joaquín.
_952162
245 1 2 _aL'autogestió a l'escola /
_cJoaquín Franch i Batlle ; amb un práoleg de Pere Darder.
250 _a[1ª ed.].
260 _aBarcelona :
_bNova Terra,
_c[1972]
300 _a301 p. ;
_c21 cm.
700 1 _aDarder, Pere.
_942699
852 _aES-MaACL
_jC-46197
_bR.81532
999 _c65397
_d65397